000 00244nam a2200097Ia 4500
001 642432
005 20250826153526.0
008 250824s9999 xx 000 0 und d
245 0 _aRuby Rogers Kime Bakıyorsun Öyle?
_cSue Limb
260 _bALTIN
999 _c642432
_d642432